000 00318nam a22001457a 4500
008 210528b ||||| |||| 00| 0 eng d
020 _a0471619965
041 _aeng
080 _a541
082 _a541
100 _a12
101 _aKIM
245 _aMicroscale Inorganic Chemistry
_cZvi Szafran
942 _2udc
_cBK
999 _c57801
_d57801